Muhammad yunus. (Record no. 175286)

MARC details
000 -LEADER
fixed length control field 00424nam a2200181Ia 4500
003 - CONTROL NUMBER IDENTIFIER
control field OSt
005 - DATE AND TIME OF LATEST TRANSACTION
control field 20230608114523.0
008 - FIXED-LENGTH DATA ELEMENTS--GENERAL INFORMATION
fixed length control field 210423s2007 xx 000 0 und d
040 ## - CATALOGING SOURCE
Transcribing agency AL
041 ## - LANGUAGE CODE
Language code of text/sound track or separate title eng
082 ## - DEWEY DECIMAL CLASSIFICATION NUMBER
Classification number 921
Edition number 23
Item number YUNC
100 ## - MAIN ENTRY--PERSONAL NAME
Personal name WEBER (Narl).
9 (RLIN) 122554
245 ## - TITLE STATEMENT
Title Muhammad yunus.
260 ## - PUBLICATION, DISTRIBUTION, ETC.
Place of publication, distribution, etc. New York
Name of publisher, distributor, etc. Public Affair
Date of publication, distribution, etc. 2007
365 ## - TRADE PRICE
Price amount 395
Currency code INR
906 ## - LOCAL DATA ELEMENT F, LDF (RLIN)
a Muhammad ; yunus.
942 ## - ADDED ENTRY ELEMENTS (KOHA)
Source of classification or shelving scheme Dewey Decimal Classification
Koha item type Book
Holdings
Withdrawn status Lost status Damaged status Not for loan Collection code Home library Current library Date acquired Source of acquisition Cost, normal purchase price Total Checkouts Full call number Barcode Date last seen Price effective from Koha item type
        MSW St Aloysius PG Library St Aloysius PG Library 12/17/2009 Book World 395.00   921 YUNC PG021986 08/24/2022 04/26/2021 Book